| 000 | 00693nam a2200181 4500 | ||
|---|---|---|---|
| 008 | 161115b xxu||||| |||| 00| 0 eng d | ||
| 020 | _a978-621-406-023-8 | ||
| 082 |
_22015 _aDFil 959.9 _bR47i |
||
| 100 |
_917404 _aRiodique, Francisco C. |
||
| 245 |
_aIntroduction to Philippine government and politics: _bwith basic constitutional principles/ _cFrancisco C. Riodique and Gil D. Ramos. |
||
| 260 |
_aManila: _bMindshapers Co., Inc., _cc2015. |
||
| 300 |
_axiv, 458 pages: _billustrations; _c24 cm. |
||
| 500 | _aIncludes bibliographical references. | ||
| 650 | 0 |
_917405 _aPhilippines -- Politics and government. |
|
| 700 |
_917406 _aRamos, Gil D. |
||
| 365 |
_b600.00 _cPhp |
||
| 942 |
_2ddc _cDFIL |
||
| 999 |
_c5669 _d5669 |
||